00870nam a2200253 i 4500003000400000005001700004008004100021020003900062040002500101082001700126100003200143245015400175250002900329264005600358300002500414336002100439337002500460338002300485504003300508650001700541650001700558650001600575700002500591OSt20260511122617.0260511s2024 my er 000 0 eng  a9786299934905cRM 56.00qpaperback aPPAKbengcPPAKerda04223a658.40920 aSekar Shanmugam, eauthor. 10aDear Boss, 5 Reasons Why I'm NOT Leaving! : bLessons & Ideas for the new (and not so new) people manager / cSekar Shanmugam ; Edited by: Anna Tan  aFirst Edition: May 2024  1a[Malaysia] : bProfitability (M) Sdn Bhd, c[2024]  a237 pages ; c21 cm  atext2rdacontent aunmediated2rdamedia avolume2rdacarrier aBibliography: pages 225-237 10aLeadership 20aManagement 20aExecutives 1 aTan, Anna, eeditor.